000 00478nam a2200169 i 4500
001 72956
003 ES-MaACL
005 20231209062940.0
007 t|
008 040903s1972 sp ||||1| spa d
100 1 _aGómez-Santos, Marino,
_d1930-2020
_958158
245 1 0 _aPensando en Baroja /
_cMarino Gómez-Santos.
260 _aMadrid :
_bTeype,
_c1972.
300 _a292 p. :
_bil. ;
_c24 cm.
852 _aES-MaACL
_jC-48910
_bR.84357
999 _c72956
_d72956